Переписка по ходатайству Дмитровской уездной земской управы Московской губернии об исследовании и осушении болот

Доступно только в Электронных читальных залах Найти на картеНа карте
RUSMARC
00003789nmc2a22002413x 450
00107ed8d01-087d-41c1-b6e8-31edb04d6e4b
00520210512075445.0
100##$a20210129l19091910k l0rusy0189 ca
1010#$arus
102##$aRU
105##$ab###
1222#$ad
2001#$aПереписка по ходатайству Дмитровской уездной земской управы Московской губернии об исследовании и осушении болот
$j26 января 1909 г. - 3 мая 1910 г.
215##$a25 л.
$cкарт.
$d36,5х26 см
251##$cДело
300##$aДело
371##$aДокумент не является опубликованным и широко распространяемым
461#0$1001a9dcd51c-c252-454c-aea9-eaf7a800c266
$12001
$aПереписка по ходатайству крестьян деревни Петропавловской Богородской волости Верейского уезда Московской губернии об осушении их земель
$1251
$cДело
$1852
$j501
462#0$10013a02340e-e572-4ee5-9169-9b29c64f7ce0
$12001
$aОтдел земельных улучшений Министерства земледелия
$1251
$cОпись
$1852
$j2
801#0$aRU
$bРГИА
$c20210129
$gRCR
801#1$aRU
$bГлавНИВЦ
$c20210129
$2rusmarc
801#2$aRU
$bПБ им. Б.Н. Ельцина
$c20210512
$gRCR
$2rusmarc
850##$aРГИА
852##$aРГИА
$eФедеральное казенное учреждение "Российский государственный исторический архив" (РГИА)
$j471
937##$hРГИА
$d12358612
$aASBIBLIO_SCAN
035##$aRusGRCC00020558
856##$uhttp://readingroom.main.prlib.ru/item.aspx?id_node=n164239791&mode=full
Формат отображения